A comprehensive grammar of the english languaje / (Record no. 46271)

MARC details
000 -LEADER
campo de control de longitud fija 00565nam a2200193 i 4500
001 - NÚMERO DE CONTROL
campo de control 46271
003 - IDENTIFICADOR DE NÚMERO DE CONTROL
campo de control ES-MaACL
007 - CAMPO FIJO DE DESCRIPCIÓN FÍSICA--INFORMACIÓN GENERAL
campo de control de longitud fija t|
008 - DATOS DE LONGITUD FIJA--INFORMACIÓN GENERAL
campo de control de longitud fija 030328s1987 xxk ||||1| eng d
020 ## - NÚMERO INTERNACIONAL ESTÁNDAR DEL LIBRO
Número Internacional Estándar del Libro 0-582-51734-6
245 02 - MENCIÓN DEL TÍTULO
Título A comprehensive grammar of the english languaje /
Mención de responsabilidad, etc. Randolph Quirk ... [et al.].
260 ## - PUBLICACIÓN, DISTRIBUCIÓN, ETC.
Lugar de publicación, distribución, etc. London ;
-- New York :
Nombre del editor, distribuidor, etc. Longman,
Fecha de publicación, distribución, etc. 1987.
300 ## - DESCRIPCIÓN FÍSICA
Extensión X, 1779 p. ;
Dimensiones 26 cm.
500 ## - NOTA GENERAL
Nota general Indice.
500 ## - NOTA GENERAL
Nota general Ded. autógr. del autor.
504 ## - NOTA DE BIBLIOGRAFÍA, ETC.
Nota de bibliografía, etc. Bibliografía.
700 1# - ENTRADA AGREGADA--NOMBRE PERSONAL
Nombre de persona Quirk, Randolph.
9 (RLIN) 94763
852 ## - LOCALIZACIÓN
Ubicación ES-MaACL
Número de control de estantería G-12043
Sublocalización o colección R.115149
Holdings
Estatus retirado Estado de pérdida Estado de daño No para préstamo Biblioteca de origen Biblioteca actual Ubicación en estantería Fecha de adquisición Fuente de adquisición Total de préstamos Signatura topográfica completa Código de barras Visto por última vez Precio de reemplazo Tipo de ítem Koha
        Biblioteca del Ateneo de Madrid Biblioteca del Ateneo de Madrid Sala Pecera Planta 3 17/01/2008     G-12043 1048668 23/02/2023 23/02/2023 Libro impreso